Sports Quiz

Random Sports or Year Quiz

Which Month? Sports Events Quiz Stats

 Plays Quiz Updated May 6, 2013

Challenge
Share
Tweet
Embed
Score 0/22 Timer 05:00
0 Plays Today
Event Month % Correct
Super Bowl???
96.2%
MLB Postseason *???
85.5%
NCAA Men's Basketball Tournament *???
84%
Stanley Cup Finals???
83.9%
Pro Bowl???
83.4%
BCS National Championship Game???
78.8%
MLB All-Star Game???
76.1%
NBA Finals???
73%
Kentucky Derby???
63.9%
Wimbledon???
63.5%
The Masters (Golf)???
62.6%
Event Month % Correct
NFL Draft???
62.4%
Indianapolis 500???
59.3%
FIFA World Cup Final???
58.1%
Winter Olympic Games *???
47.9%
U.S. Open (Golf)???
46.3%
PGA Championship???
43.1%
Boston Marathon???
39.6%
Tour de France *???
39.3%
UEFA Champions League Final???
39.3%
MLS Cup???
21.8%
Iditarod Trail Sled Dog Race???
10.3%

You're not logged in!

Compare scores with friends on all Sporcle quizzes.
OR
Log In

You Might Also Like...

Show Comments

Extras

Top Quizzes Today


Score Distribution

Your Account Isn't Verified!

In order to create a playlist on Sporcle, you need to verify the email address you used during registration. Go to your Sporcle Settings to finish the process.

Report this User

Report this user for behavior that violates our Community Guidelines.

Details: